000 00514nam a2200157 i 4500
001 63449
003 ES-MaACL
005 20230906164854.0
007 t|
008 031210s1912 sp ||||1| spa d
100 1 _aFerrer Fernández, Francisco.
_950462
245 1 0 _aNotas sobre algunas esponjas de Santander, con una introducción sobre sistemática /
_cFrancisco Ferrer Fernández.
260 _aMadrid :
_b[s.n.,
_c1912] (
_fEst. Tip. de Fortanet)
502 _aTesis doctoral.
852 _aES-MaACL
_jT-1368-F-5
999 _c63449
_d63449